| 000 | 00851nam a22002537a 4500 | ||
|---|---|---|---|
| 008 | 130821s1996 xxu gr spa | ||
| 020 | _a9275315590 | ||
| 040 |
_aCo-BoUCM _bspa |
||
| 041 | 0 | 0 | _aspa |
| 060 |
_aQZ 200 _bO58o 2a. ed. _21996 |
||
| 245 | 1 | 0 |
_aOncología Clínica. Manual de la Américan Cáncer Society _cGerard P. Murphy, ed |
| 250 | _a2a. ed. | ||
| 260 |
_aWashington _bOrganización Panamericana de la Salud _c1996 |
||
| 300 | _a861 páginas | ||
| 490 | _aOrganización panamericana de la salud, Publicación científica No.559 | ||
| 504 | _aIncluye índice general y alfabético | ||
| 650 | 0 | 4 |
_aClínica _911035 |
| 650 | 0 | 4 |
_aNeoplasmas _920217 |
| 650 | 0 | 4 |
_aOncología _9314 |
| 700 | _aLAURENCE, Walter | ||
| 700 | _aLENHARD, Raymond E. | ||
| 700 | _aMURPHY, Gerald | ||
| 942 |
_cLIBRO _a15 _e2 _mO58O _2NLM _hQZ 200 _n0 |
||
| 999 |
_c81780 _d81780 |
||